Normal view
MARC view
- Khan, Muhammad Iftikhar Ali
Entry Personal Name
001 - CONTROL NUMBER
- control field: 110992
003 - CONTROL NUMBER IDENTIFIER
- control field: NUST
005 - DATE AND TIME OF LATEST TRANSACTION
- control field: 20230321172314.0
008 - FIXED-LENGTH DATA ELEMENTS
- fixed length control field: 230321|| aca||aabn | a|a d
040 ## - CATALOGING SOURCE
- Original cataloging agency: NUST
- Transcribing agency: NUST
100 ## - HEADING--PERSONAL NAME
- Personal name: Khan, Muhammad Iftikhar Ali
670 ## - SOURCE DATA FOUND
- Source citation: Work cat.: (NUST)188051: Khan, Muhammad Iftikhar Ali, Afghanistan / افغانستان تاریخ کے مختلف ادوار میں (Urdu) /
